000
00344nam a22001577a 4500
003
OSt
008
240412b |||||||| |||| 00| 0 eng d
020
_a
9789355512529
082
_a
006.7 ASQ
100
_a
ASPIN,Adam
245
_a
Querying MariaDB
250
_a
1st Ed
260
_a
New Delhi
_b
BPB
_c
2022
300
_a
633
942
_2
ddc
_c
BK
999
_c
12461
_d
12461